Więcej literek od a - z w 30 sek (licząc ą, ę. itp.) - Statystyki

Ogólne statystyki
  • Ten quiz został rozwiązany 76 razy
    20 od ostatniego zresetowania
  • Średni wynik to 26 z 32
Statystyki odpowiedzi
Odpowiedź % Poprawnych
a
93%
ą
93%
w
93%
d
87%
e
87%
ę
87%
i
87%
k
87%
r
87%
s
87%
ś
87%
t
87%
u
87%
b
80%
h
80%
j
80%
o
80%
ó
80%
p
80%
c
73%
ć
73%
f
73%
g
73%
l
73%
ł
73%
m
73%
n
73%
ń
73%
z
73%
ź
73%
ż
73%
y
67%
Nie znaleziono quizów pasujących do podanych kryteriów
Rozkład punktacji
Procent ludzi z każdym wynikiem
Percentyl według liczby udzielonych odpowiedzi
Twoja historia wyników
Nie rozwiązałeś tego quizu od ostatniego zresetowania